000 00370cam a2200169ua 4500
020 _c1.00
041 _amal
_h
082 _a894.8121
_bDEV/PA
100 _aDev, K V .
245 _aPalungu Meda /
_cK V Dev.
_hTextual Documents
260 _a :
_bK V Dev ,
_c1966.
300 _a48 ; .
365 _a1.00
504 _a
942 _cBK
999 _c5102
_d5102